Nuevas reglas de sintona̕ basadas en IMC para un controlador PID con IAE mn̕imo en procesos con respuesta inversa

En este artc̕ulo se muestran nuevas reglas de sintona̕ para un controlador PID basado en control de modelo interno (IMC). Este conjunto de ecuaciones minimiza un n̕dice de desempeǫ p̤timo, para este caso la integral del error absoluto (IAE). Adems̀, se presenta una correlacin̤ para calcular el valo...

Cur síos iomlán

Sábháilte in:
Sonraí bibleagrafaíochta
Rannpháirtithe: Castellanos Cr̀denas Duby, Castrilln̤ Hernǹdez Fabio, Universidad Nacional de Colombia
Formáid: LEABHAR
Teanga:Spáinnis
Ábhair:
Rochtain ar líne:Nuevas reglas de sintona̕ basadas en IMC para un controlador PID con IAE mn̕imo en procesos con respuesta inversa
Clibeanna: Cuir clib leis
Níl clibeanna ann, Bí ar an gcéad duine le clib a chur leis an taifead seo!

MARC

LEADER 00000nam a22000004a 4500
001 vpro12076
005 20201223000000.0
008 171006s2017 ck # g## #001 0#spa#d
020
022 |a 0012-7353 
040 |a CO-BoINGC 
041 0 |a spa 
245 1 0 |a Nuevas reglas de sintona̕ basadas en IMC para un controlador PID con IAE mn̕imo en procesos con respuesta inversa 
246 |a New tuning rules for PID controllers based on IMC with minimum IAE for inverse response processes 
264 |a Bogot ̀(Colombia) :  |b Revista VirtualPRO,  |c 2017 
520 3 |a En este artc̕ulo se muestran nuevas reglas de sintona̕ para un controlador PID basado en control de modelo interno (IMC). Este conjunto de ecuaciones minimiza un n̕dice de desempeǫ p̤timo, para este caso la integral del error absoluto (IAE). Adems̀, se presenta una correlacin̤ para calcular el valor crt̕ico del parm̀etro de sintona̕ del mťodo, donde se obtiene una respuesta de oscilacin̤ sostenida frente a cambios en el punto de control. 
650 \ \ |a Control de procesos industriales 
650 \ \ |a Control automt̀ico 
650 \ \ |a Diseǫ experimental 
650 \ \ |a Industrial process control 
650 \ \ |a Automatic control 
650 \ \ |a Experimental design 
650 \ \ |a Control de modelo interno 
650 \ \ |a Controlador PID 
650 \ \ |a Controlador IMC-PID 
650 \ \ |a Respuesta inversa 
650 \ \ |a Integral del error absoluto 
650 \ \ |a Internal model control 
650 \ \ |a PID controller 
650 \ \ |a IMC-PID controller 
650 \ \ |a Reverse response 
650 \ \ |a Integral of absolute error  
700 \ \ |a Castellanos Cr̀denas Duby 
700 \ \ |a Castrilln̤ Hernǹdez Fabio  
700 \ \ |a Universidad Nacional de Colombia 
856 |z Nuevas reglas de sintona̕ basadas en IMC para un controlador PID con IAE mn̕imo en procesos con respuesta inversa  |u https://virtualpro.unach.elogim.com/biblioteca/nuevas-reglas-de-sintonia-basadas-en-imc-para-un-controlador-pid-con-iae-minimo-en-procesos-con-respuesta-inversa